1619 1889 1984 1208 1254 1249 1774 1638 1889 1943 1156 1418 1260 1741 1094 1326 1924 1549 1094 1589 1258 1188 1694 1551 1359 1860 1649 1234 1430 1407 1334 1238 1949 1164 1544 1391 1592 1836 1406 1868 1880 1281 1004 1438 1491 1960 1579 1082 1985 1570 1000 1332 1541 1877 1553 1713 1471 1962 1510 1911 1244 1827 1066 1350 1155 1579 1881 1748 1077 1368 1369 1064 1074 1315 1424 1586 1095 1492 1321 1212 1762 1633 1703 1062 1005 1411 1511 1214 1501 1171 1756 1594 1169 1012 1928 1968 1015 1330 1982 BCNSPRNW ULIB Ver.6.0+V

เปลี่ยนเป็นภาษาไทย

Change to English
 แสดงรายละเอียดบรรณานุกรม
  กลับหน้าหลัก

Brief Record : Get Marc (ISO 2709) : E-mail record : QR code < ปิดหน้าต่าง
LEADER : 00000nam 2200000uu 4500
001    13399112089
003     ULIB
008    110425s2546||||th 000 0 tha d
050  4 H62^bพ361ร 2546
100 0  ประพิณ วัฒนกิจ
245 10 รายงานสรุปโครงการอบรมเชิงปฎิบัติการเรื่องการทำวิจัยในชั้นเรียน /^cคณะกรรมการวิจัยวิทยาลัยพยาบาลบรมราชชนนี อุตรดิตถ์
260    อุตรดิตถ์ :^bคณะกรรมการวิจัยวิทยาลัยพยาบาลบรมราชชนนี อุตรดิตถ์,^c2546
300    109 หน้า :^bตาราง
650  7 การทำวิจัยในชั้นเรียน^xโครงการ
945    ^p0^l0^i015666
995    ทศพร
999 ^a ใช้งานได้ทุกระบบ
รายการนี้ยังไม่มีแท็ก
คุณยังไม่ได้ล็อกอิน คุณสามารถมีกิจกรรมร่วมกับเว็บไซต์ได้ แต่ต้องล็อกอินก่อน ::
  ล็อกอิน

รายการสื่อสารสนเทศ

ลำดับที่ ประเภท เลขเรียก/บาร์โค้ด สถานที่ สถานะ
- ไม่พบข้อมูล -

รายการใกล้เคียง
    ผู้แต่ง [ประพิณ วัฒนกิจ]

BibComment


ยังไม่เคยถูกคอมเมนท์

คอมเมนท์ทรัพยากรรายการนี้
  คอมเมนท์: รายงานสรุปโครงการ..


 Copyright 2026. Bcnsprnw @Library